| 000 | 01614cam a2200373 i 4500 | ||
|---|---|---|---|
| 001 | 12953550 | ||
| 003 | EG-ScBUE | ||
| 005 | 20250727092159.0 | ||
| 008 | 021001t1980 nyua f bd 001 0 eng d | ||
| 020 | _a0471058238 (volume 3) | ||
| 020 | _a0471058254 (volume 2) | ||
| 020 | _a0471058246 (volume1) | ||
| 035 | _a(OCoLC)ocm48363672 | ||
| 040 |
_aEG-ScBUE _beng _erda _cEG-ScBUE _dEG-ScBUE |
||
| 082 | 0 | 4 |
_a541.3 _bBER _222 |
| 100 | 1 |
_aBerry, R. Stephen, _d1931-2020, _97275 _eauthor. |
|
| 245 | 1 | 0 |
_aPhysical chemistry / _cR. Stephen Berry, The University of Chicago, Stuart A. Rice, The University of Chicago, John Ross, Massachusetts Institute of Technology, with the assistance of George P. Flynn, Massachusetts Institute of Technology, Joseph N. Kushick, Amherst College. |
| 264 | 1 |
_aNew York : _bJohn Wiley & Sons, _c[1980] |
|
| 264 | 4 | _cc1980 | |
| 300 |
_a3 volumes : _billustrations ; _c29 cm. |
||
| 336 |
_2rdacontent _atext _btxt |
||
| 337 |
_aunmediated _2rdamedia _bn |
||
| 338 |
_avolume _bnc _2rdacarrier |
||
| 490 | 0 | _aTopics in physical chemistry | |
| 500 | _aIncludes Appendices. | ||
| 500 | _aIncludes glossary. | ||
| 504 | _aIncludes bibliographical references and index. | ||
| 505 | 0 | _aVolume 1. The structure of matter -- Volume 2. Matter in equilibrium : Statical mechanics and thermodynamics -- Volume 3. Physical and chemical kinetics. | |
| 650 | 7 |
_aChemistry, Physical and theoretical. _97276 _2BUEsh |
|
| 655 | _vReading book | ||
| 700 | 1 |
_aRice, Stuart Alan, _d1932-2024, _97277 _eauthor. |
|
| 700 | 1 |
_aRoss, John, _cSir, _d1777-1856, _97278 _eauthor. |
|
| 942 |
_2ddc _cBB |
||
| 999 |
_c12127 _d12127 |
||